000 01449nam a2200325 i 4500
003 EG-GICUC
005 20260408101437.0
008 260408s19861407su a|||fr|||| 00| 0 ara d
040 _a EG-GICUC
_bara
_c EG-GICUC
_d EG-GICUC
_erda
041 _aara
082 0 4 _221
_a343.643
_bح ر
092 0 4 _221
099 _aLaw1 10 343.643 ح ر 1986
111 2 _aأبحاث الندوة العلمية الرابعة الخاصة
_cتونس
_dمن 23 - 25 صفر 1407 ه الموافق (27-29 أكتوبر 1986م)
_eمؤلف.
245 1 2 _aالحروب والكوارث وأثارها على أوضاع الطفل العربي /
_cأبحاث الندوة العلمية الرابعة الخاصة.
264 1 _aالرياض :
_bالمركز العربي للدراسات الأمنية والتدريب،
_c1986.
300 _a230 صفحة :
_bإيضاحيات، صور، مثيليات ؛
_c24 سم.
336 _2rda content
_atext
337 _2rda media
_aComputer
338 _2rda carrier
_aOnline Resource
504 _aيشتمل على إرجاعات ببليوجرافية.
546 _aالنص باللغة العربية
650 1 _aالقانون الجنائي
650 1 _aالبيئة الاجتماعية والجريمة
650 1 _aالحروب والكوارث
651 1 _2الطفل العربي
856 4 0 _uhttps://fll.law.cu.edu.eg/fulltext/bks/B10-07136.pdf
905 _a43
942 _2ddc
_n0
_cBK
_e21
999 _c69568
_d69568